Villains Vs Heroes - Statistics

General Stats
  • This quiz has been taken 38 times
  • The average score is 11 of 17
Answer Stats
Hint Answer % Correct
The Joker Batman
97%
Voldemort Harry Potter
94%
Darth Vader Luke Skywalker
94%
Loki Thor
89%
Gollum Frodo
77%
Tom Jerry
71%
Scar Simba
69%
Saruman Gandalf
66%
The Sheriff of Nottingham Robin Hood
63%
Wile. E Coyote Road Runner
60%
Skeletor He-Man
57%
Ivan Drago Rocky Balboa
54%
Elmer Fudd Bugs Bunny
46%
Agent Smith Neo
46%
Terminator Sarah Connor
46%
Xenomorph Ellen Ripley
34%
Hannibal Lector Clarice Starling
31%
No matching quizzes found
Score Distribution
Percent of People with Each Score
Percentile by Number Answered
Your Score History
You have not taken this quiz